Normal view
MARC view
- Sullivan Michael, Sullivan, Michael-Iii
Entry Personal Name
001 - CONTROL NUMBER
- control field: 63855
003 - CONTROL NUMBER IDENTIFIER
- control field: NUST
005 - DATE AND TIME OF LATEST TRANSACTION
- control field: 20210628203204.0
008 - FIXED-LENGTH DATA ELEMENTS
- fixed length control field: 210628|| aca||aabn | a|a d
040 ## - CATALOGING SOURCE
- Original cataloging agency: NUST
- Transcribing agency: NUST
100 ## - HEADING--PERSONAL NAME
- Personal name: Sullivan Michael, Sullivan, Michael-Iii
670 ## - SOURCE DATA FOUND
- Source citation: Work cat.: (NUST): Sullivan Michael, Sullivan, Michael-Iii, Precalculus, concepts through functions - a unit circle approach to trignometry, 2007
